000 00272nam a2200109Ia 4500
008 190914s9999||||xx |||||||||||||| ||und||
100 _aBretscher,Otto
245 0 _aLinear Algebra With Application
260 _aNew Delhi
_bBantam Books
_c2000
300 _a813
942 _cBK
999 _c9086
_d9086